000 00539nam a2200181 a 4500
005 20140412111349.0
008 050420s19uu xx 00 eng d
020 _a0-7214-5290-6
050 _aER
_bLi721 1991
100 _aDaniels, Norma
245 _aLittle Bunnies: all around town /
_cby Norma Daniels ; illustrated by Carolyn Bracken.
260 _aEngland :
_bLadybird Books,
_c1991.
300 _a1 v. (unp.) ; ill.
440 _aLittle Bunnies
650 _aCommunity
_xFiction
650 _aChildren stories
999 _c105276
_d105276